Introduction to algorithms, second edition / (Record no. 29533)
[ view plain ]
| 000 -LEADER | |
|---|---|
| fixed length control field | 00575 a2200193 4500 |
| 003 - CONTROL NUMBER IDENTIFIER | |
| control field | NUST |
| 005 - DATE AND TIME OF LATEST TRANSACTION | |
| control field | 20180118140320.0 |
| 008 - FIXED-LENGTH DATA ELEMENTS--GENERAL INFORMATION | |
| fixed length control field | 180118b xxu||||| |||| 00| 0 eng d |
| 020 ## - INTERNATIONAL STANDARD BOOK NUMBER | |
| International Standard Book Number | 0262032937 |
| 020 ## - INTERNATIONAL STANDARD BOOK NUMBER | |
| International Standard Book Number | 9780262032933 |
| 082 ## - DEWEY DECIMAL CLASSIFICATION NUMBER | |
| Classification number | 005.1 |
| 100 1# - MAIN ENTRY--PERSONAL NAME | |
| Personal name | Cormen, Thomas H. |
| 9 (RLIN) | 8783 |
| 245 10 - TITLE STATEMENT | |
| Title | Introduction to algorithms, second edition / |
| Statement of responsibility, etc. | Thomas H. Cormen, Charles E. Leiserson, Ronald L. Rivest, Clifford Stein. |
| 250 ## - EDITION STATEMENT | |
| Edition statement | 2nd ed. |
| 260 ## - PUBLICATION, DISTRIBUTION, ETC. | |
| Place of publication, distribution, etc. | [S.l.] : |
| Name of publisher, distributor, etc. | The MIT Press, |
| Date of publication, distribution, etc. | 2001. |
| 300 ## - PHYSICAL DESCRIPTION | |
| Extent | 1184 p. ; |
| Dimensions | 24 cm. |
| 700 1# - ADDED ENTRY--PERSONAL NAME | |
| Personal name | Leiserson, Charles E. |
| 9 (RLIN) | 8784 |
| 700 1# - ADDED ENTRY--PERSONAL NAME | |
| Personal name | Rivest, Ronald L. |
| 9 (RLIN) | 8785 |
| 700 1# - ADDED ENTRY--PERSONAL NAME | |
| Personal name | Stein, Clifford. |
| 9 (RLIN) | 8786 |
| 942 ## - ADDED ENTRY ELEMENTS (KOHA) | |
| Institution code [OBSOLETE] | SNS |
| Koha item type | Book |
| Call number prefix | 005.1 COR |
| Source of classification or shelving scheme | |
| Withdrawn status | Lost status | Damaged status | Not for loan | Permanent Location | Current Location | Date acquired | Total Checkouts | Full call number | Barcode | Date last seen | Date last checked out | Price effective from | Koha item type |
|---|---|---|---|---|---|---|---|---|---|---|---|---|---|
| School of Natural Sciences (SNS) | School of Natural Sciences (SNS) | 05/26/2016 | 1 | 005.1 COR | SNS0001080 | 11/07/2018 | 01/23/2018 | 05/26/2016 | Book | ||||
| School of Natural Sciences (SNS) | School of Natural Sciences (SNS) | 05/26/2016 | 005.1 COR | SNS0001177 | 04/15/2017 | 05/26/2016 | Book | ||||||
| School of Natural Sciences (SNS) | School of Natural Sciences (SNS) | 05/26/2016 | 005.1 COR | SNS0001178 | 05/26/2016 | 05/26/2016 | Book | ||||||
| School of Natural Sciences (SNS) | School of Natural Sciences (SNS) | 05/26/2016 | 005.1 COR | SNS0001179 | 05/26/2016 | 05/26/2016 | Book |
